| 000 -LEADER |
| fixed length control field |
01014nam a2200193Ia 4500 |
| 001 - CONTROL NUMBER |
| control field |
15163 |
| 003 - CONTROL NUMBER IDENTIFIER |
| control field |
GE_BSU |
| 008 - FIXED-LENGTH DATA ELEMENTS--GENERAL INFORMATION |
| fixed length control field |
181216s||||||||xx |||||||||||||| ||und|| |
| 040 ## - CATALOGING SOURCE |
| Transcribing agency |
GE_BSU |
| 080 ## - UNIVERSAL DECIMAL CLASSIFICATION NUMBER |
| Universal Decimal Classification number |
342.8(479.22)(094.4) |
| 245 ## - TITLE STATEMENT |
| Title |
საქართველოს ორგანული კანონი:ადგილობრივი თვითმმართველობის კოდექსი |
| 245 ## - TITLE STATEMENT |
| Remainder of title |
USAID ამერიკელი ხალხისგან:დემოკრატიული მმართველობა საქართველოში (С3) პროგრამა |
| 260 ## - PUBLICATION, DISTRIBUTION, ETC. |
| Place of publication, distribution, etc. |
ქუთაისი |
| 260 ## - PUBLICATION, DISTRIBUTION, ETC. |
| Date of publication, distribution, etc. |
2014 |
| 300 ## - PHYSICAL DESCRIPTION |
| Extent |
90გვ.26სმ. |
| 653 ## - INDEX TERM--UNCONTROLLED |
| Uncontrolled term |
USAID ამერიკელი ხალხისგან:დემოკრატიული მმართველობა საქართველოში |
| 653 ## - INDEX TERM--UNCONTROLLED |
| Uncontrolled term |
საქართველოს ორგანული კანონი |
| 942 ## - ADDED ENTRY ELEMENTS (KOHA) |
| Koha item type |
წიგნი |